000 00649nam a2200193Ii 4500
003 JO-AjNU
008 230605s9999||||xx |||||||||||||| ||und||
040 _aJO-AjNU
_bara
_erda
_cJO-AjNU
041 _aara
050 1 4 _aPJ131 2000
100 3 _aمكتبة ياسين,
_eauthor
_956549
245 0 0 _aمجموعة الصرف: أمثلة، بناء، مقصود، عزى، المجلد الأول
264 3 1 _aد.م: مكتبة ياسين، 2000
300 _aمج1، 538ص
336 _atext
_btxt
_2rdacontent
337 _aunmediated
_bn
_2rdamedia
338 _avolume
_bnc
_2rdacarrier
650 4 _aاللغة العربية - صرف
_956550
999 _aA25287
_c28855
_d28855